000
00447nam a22001097a 4500
082
_a
320
100
_a
बर्णवाल ,महेश कुमार
_9
78617
245
_a
भारतीय संबिधान एवं राजव्यवस्था NCERT सार ( कक्षाVI-XII) सहित
260
_a
दिल्ली
_b
Cosmos Publication
_c
2024
650
_a
राजव्यवस्था
942
_c
C. BOOKS
999
_c
67157
_d
67157